K současné mezinárodní situaci, zahraničné politice ČLR a jejím vztahům s USA, EU a ČR

Charakteristika zahraničnej politiky Čínskej ľudovej republiky. Dohoda Číny s Európskym spoločenstvom. Politické a hospodárske vzťahy s Českom.

Saved in:
Bibliographic Details
Main Author: Peng, Yan
Format: Book
Language:Czech
Subjects:
Tags: Add Tag
No Tags, Be the first to tag this record!

MARC

LEADER 00000nam a2200000 4500
001 r031831
005 20230927114447.8
041 0 |a cze 
044 |a CZ 
245 1 0 |a K současné mezinárodní situaci, zahraničné politice ČLR a jejím vztahům s USA, EU a ČR  |c Yan Peng 
520 |a Charakteristika zahraničnej politiky Čínskej ľudovej republiky. Dohoda Číny s Európskym spoločenstvom. Politické a hospodárske vzťahy s Českom. 
610 2 0 |a politika zahraničná 
610 2 0 |a politika zahraničnohospodárska 
610 2 0 |a politika zahraničnoobchodná 
610 2 0 |a Čína 
610 2 0 |a vzťahy politické medzinárodné 
610 2 0 |a USA 
610 2 0 |a Európska únia 
610 2 0 |a Európske spoločenstvá 
610 2 0 |a Česko 
610 2 0 |a dohody medzinárodné 
100 1 |a Peng, Yan